Chebské pomníky a pamětní desky současné i minulé - procházka historickou pamětí města

Titel: Chebské pomníky a pamětní desky současné i minulé - procházka historickou pamětí města
Verfasser:
In: Muzeum Cheb: Sborník Chébskeho Muzea, (1998), Seite 173-191
alle Artikel anzeigen
Veröffentlicht: 1998 [vyd. 1999]
Format: Aufsatz
Sprache: Tschechisch
Kein Bild verfügbar
X
alg: 39297900
001A    $01999:11-11-16 
001B    $01999:28-04-17 $t15:26:48.000 
001C    $06050:19-11-16 $t22:36:46.000 
001D    $01999:11-11-16 
001U    $0utf8 
001X    $00 
002@    $0Aox 
003@    $0392979004 
007A    $0392979004 $aHEB 
007T    $0Herdp16403 
010@    $acze 
011@    $a1998 $n1998 [vyd. 1999] 
021A    $aChebské pomníky a pamětní desky současné i minulé - procházka historickou pamětí města 
028A    $aVotroubková $diva 
031A    $h173-191 $j1998 
037A    $aRés. něm. s. 191: Egerer Denkmäler und Gedenktafeln 
039B    $aIn $8--Abvc--Muzeum Cheb [Tb1]. Sborník Chébskeho Muzea. - Cheb : Muzeum, 1993-2006. - ISSN 1211-9210 $x199800000000000827 $9070513341 
045T    $a9,10 $a7,41 

lok: 39297900 78

exp: 39297900 78 1 #EPN
201B/01 $026-11-17 $t01:20:40.000 
201U/01 $0utf8 
203@/01 $0789089319 
208@/01 $a11-11-16 $be 
209A/01 $a/ $f000 $x00 
220C/01 $aHerkunft: Hú Av Čr Praha 
244Z/01 $#Tschechien $#Tschechische Republik $#Tschechische Republik $#Tschechenland $#Tschechei Tschechien $#Česká Republika $#Czech Republic $#ČR $74303381-7 $8--Tg1--Tschechien $x01 $9086659812 
244Z/01 $2Trx $#Böhmen $#Bohemia $#Czechy $8--Trx--Čechy $x02 $9391188941 
244Z/01 $#Cheb $#Egra $#Egrae $#Egire $#Oegra $#Cheb $#Eger Böhmen $#Egra Böhmen $#Agria Böhmen $#Eger Egerland $74013597-4 $8--Tg1--Eger$gKraj Karlsbad $x03 $9085029971 
244Z/01 $2Trx $#mälestusmärgid $#paminklai $#Monuments $#emlékművek $#pomniki $#pamätníky $#pomníky $#zabytki $#pomníky $#pomníky $8--Trx--Denkmäler $x04 $9391357808 
244Z/01 $2Trx $#mälestustahvlid $#memorialinės lentos $#Memorial plaques $#emléktáblák $#tablice pamiątkowe $#tabule pamätné $#desky pamětní $8--Trx--Gedenktafeln $x05 $9391359134 
244Z/01 $2Trx $#varaloend $#inventoriai $#inventories $#készletállomány jegyzék $#inwentarze $#zoznamy $#seznamy $#Inventare $#Findbücher $#księgi metrykalne $#inventáře $8--Trx--Bestandsverzeichnisse $x06 $9391370251 
244Z/01 $2Trx $8--Trx--Zeitschriftenaufsatz $x07 $9391384341 
247C/01 $82080>Marburg/Lahn, Herder-Institut, Forschungsbibliothek, Bibliographieportal $9336309341
LEADER 00000caa a22000002c 4500
001 392979004
003 DE-603
005 20170428152648.0
007 tu
008 161111s1998 xx |||| | u00||u|cze c
035 |a (DE-599)HEB392979004 
040 |a DE-603  |b ger  |c DE-603  |d DE-603 
041 |a cze 
084 |a 9,10  |a 7,41  |2 ssgn 
100 1 |a Votroubková, iva 
245 0 0 |a Chebské pomníky a pamětní desky současné i minulé - procházka historickou pamětí města 
264 0 |c 1998 [vyd. 1999] 
500 |a Rés. něm. s. 191: Egerer Denkmäler und Gedenktafeln 
773 0 8 |i In  |a Muzeum Cheb  |t Sborník Chébskeho Muzea  |d Cheb : Muzeum, 1993-2006  |x 1211-9210  |g (1998), Seite 173-191  |w (DE-603)070513341  |w (DE-600)1353473-7 
924 0 |9 2080  |a (DE-603)789089319  |b DE-2080  |c HES  |d d  |g /